[Event "Amsterdam"]
[Site "?"]
[Date "1993.??.??"]
[Round "?"]
[White "Short, N."]
[Black "Piket, Je"]
[Result "1/2-1/2"]
[WhiteElo "2665"]
[BlackElo "2590"]
[PlyCount "77"]
[EventDate "1993.??.??"]
[Source "ChessBase"]
[SourceDate "1993.02.01"]

1. e4 e5 2. Nf3 Nc6 3. Bb5 a6 4. Ba4 Nf6 5. O-O Be7 6. Re1 b5 7. Bb3 d6 8. c3 O-O 9. h3 Be6 10. d4 Bxb3 11. axb3 exd4 12. cxd4 Nb4 13. Nc3 c5 14. Bf4 Re8 15. Re2 Qb6 16. e5 dxe5 17. dxe5 Red8 18. Rd2 Ne8 19. Qe2 Nc7 20. Qe4 Ne6 21. Be3 Rxd2 22. Nxd2 Rd8 23. Nf3 Nd4 24. Rd1 Nxf3+ 25. Qxf3 Rxd1+ 26. Qxd1 Qe6 27. f4 f6 28. Ne4 fxe5 29. Qh5 g6 30. Qxe5 Qxe5 31. fxe5 Nd3 32. e6 Nxb2 33. Bxc5 Bxc5+ 34. Nxc5 a5 35. Nb7 a4 36. Nd6 Kf8 37. Nxb5 axb3 38. Nd4 Ke7 39. Nxb3 1/2-1/2

[Event "Rotterdam"]
[Site "?"]
[Date "1989.??.??"]
[Round "?"]
[White "Short, N."]
[Black "van der Wiel, J."]
[Result "0-1"]
[WhiteElo "2650"]
[BlackElo "2560"]
[PlyCount "144"]
[EventDate "1989.??.??"]
[Source "ChessBase"]
[SourceDate "1989.01.01"]

1. e4 e5 2. Nf3 Nc6 3. Bb5 a6 4. Ba4 Nf6 5. O-O Be7 6. Re1 b5 7. Bb3 O-O 8. c3 d6 9. h3 Be6 10. d4 Bxb3 11. Qxb3 d5 12. exd5 Na5 13. Qc2 exd4 14. cxd4 Nxd5 15. Nc3 c6 16. Ne4 Rc8 17. b3 Nb7 18. Bg5 f6 19. Bd2 Re8 20. Rad1 Qd7 21. Re2 Bf8 22. Rde1 Re7 23. Qd3 Rce8 24. Kf1 g6 25. g4 Bg7 26. Nh4 Qc7 27. Nc3 Qd7 28. Ng2 Rxe2 29. Rxe2 Rxe2 30. Qxe2 Nxc3 31. Bxc3 f5 32. gxf5 Qxf5 33. Qe8+ Bf8 34. Qxc6 Nd8 35. Qa8 Ne6 36. Qc8 Qxh3 37. Kg1 Ng5 38. Qxh3 Nxh3+ 39. Kf1 Kf7 40. Ke2 g5 41. d5 Bc5 42. Bd2 Kf6 43. f4 Nxf4+ 44. Nxf4 gxf4 45. Bxf4 Kf5 46. Kf3 Bd4 47. d6 Bc5 48. d7 Bb6 49. a4 Bd8 50. axb5 axb5 51. Bh6 Ke6 52. Ke4 Kxd7 53. Kd5 Be7 54. Ke5 Kd8 55. Kd5 Kd7 56. Ke5 Ke8 57. Kd5 Kf7 58. Kc6 b4 59. Kd5 Kg6 60. Bd2 Kf5 61. Kd4 Kg4 62. Kd3 Kf3 63. Bh6 Bd6 64. Kd4 Bf4 65. Bf8 h5 66. Be7 Bg3 67. Kc5 Be1 68. Kc4 Kg2 69. Bd8 Kh3 70. Kd3 Bh4 71. Ba5 Be7 72. Ke2 Kg2 0-1

[Event "Wch candidates"]
[Site "?"]
[Date "1985.??.??"]
[Round "?"]
[White "Beliavsky Alexander G"]
[Black "Tal Mihail"]
[Result "1/2-1/2"]
[WhiteElo "2635"]
[BlackElo "2565"]
[PlyCount "44"]
[EventDate "1985.??.??"]
[Source "www.chesslib.no"]
[SourceDate "2004.05.04"]

1. e4 e5 2. Nf3 Nc6 3. Bb5 a6 4. Ba4 Nf6 5. O-O Be7 6. Re1 b5 7. Bb3 O-O 8. c3 d6 9. h3 Be6 10. d4 Bxb3 11. Qxb3 d5 12. exd5 Na5 13. Qd1 exd4 14. Nxd4 Re8 15. b4 Nc4 16. a4 bxa4 17. Nd2 Qxd5 18. Rxa4 Nxd2 19. Bxd2 Ne4 20. Ra5 c5 21. Qf3 Bf6 22. Rxc5 Nxd2 1/2-1/2

[Event "Haninge"]
[Site "Haninge"]
[Date "1989.??.??"]
[Round "?"]
[White "Sax, Gyula"]
[Black "Van der Wiel, John TH"]
[Result "1/2-1/2"]
[WhiteElo "2610"]
[BlackElo "2560"]
[PlyCount "42"]
[EventDate "1989.05.??"]
[Source "ChessBase"]

1. e4 e5 2. Nf3 Nc6 3. Bb5 a6 4. Ba4 Nf6 5. O-O Be7 6. Re1 b5 7. Bb3 O-O 8. c3 d6 9. h3 Be6 10. d4 Bxb3 11. Qxb3 Na5 12. Qc2 d5 13. exd5 exd4 14. cxd4 Nxd5 15. Nc3 c6 16. b3 Rc8 17. Ne4 Nb7 18. Bg5 f6 19. Bd2 Re8 20. a4 Nb4 21. Bxb4 Bxb4 1/2-1/2

[Event "Amsterdam"]
[Site "?"]
[Date "1989.??.??"]
[Round "?"]
[White "van der Wiel, J."]
[Black "Beliavsky, A."]
[Result "1/2-1/2"]
[WhiteElo "2545"]
[BlackElo "2620"]
[PlyCount "111"]
[EventDate "1989.??.??"]
[Source "ChessBase"]
[SourceDate "1989.07.01"]

1. e4 e5 2. Nf3 Nc6 3. Bb5 a6 4. Ba4 Nf6 5. O-O Be7 6. Re1 b5 7. Bb3 d6 8. c3 O-O 9. h3 Be6 10. d4 Bxb3 11. axb3 exd4 12. cxd4 d5 13. e5 Ne4 14. Nc3 f5 15. exf6 Bxf6 16. Nxe4 dxe4 17. Rxe4 Qd5 18. Rg4 Ne7 19. Bh6 Nf5 20. Bg5 Bxg5 21. Rxg5 h6 22. Rg4 c5 23. dxc5 Qxc5 24. b4 Qe7 25. Qd3 Qf6 26. Qb3+ Qf7 27. Qxf7+ Rxf7 28. Rg6 Rc7 29. Rd1 Ne7 30. Rb6 Nc6 31. Rc1 Rac8 32. Rxa6 Nxb4 33. Rxc7 Rxc7 34. Rb6 Rc5 35. Nd4 Nd3 36. b3 b4 37. Rb7 Re5 38. f3 h5 39. h4 Kh7 40. Kh2 Kg6 41. Nc6 Re2 42. Ne7+ Kh7 43. Nf5 Kg6 44. Ng3 Rb2 45. Rb6+ Kh7 46. Nxh5 Ne1 47. Rxb4 Nxf3+ 48. Kg3 Nd2 49. Rd4 Rxb3+ 50. Kf2 Rb2 51. Rd7 Nc4+ 52. Kg3 Ne3 53. Nf4 Rb3 54. Ne6 Kg6 55. Kf2 Nf5 56. g4 1/2-1/2

[Event "USSR (ch)"]
[Site "?"]
[Date "1990.??.??"]
[Round "?"]
[White "Beliavsky, A."]
[Black "Kuzmin, G."]
[Result "1/2-1/2"]
[WhiteElo "2605"]
[BlackElo "2540"]
[PlyCount "82"]
[EventDate "1990.??.??"]
[Source "ChessBase"]
[SourceDate "1990.07.01"]

1. e4 e5 2. Nf3 Nc6 3. Bb5 a6 4. Ba4 Nf6 5. O-O Be7 6. Re1 b5 7. Bb3 d6 8. c3 O-O 9. h3 Be6 10. d4 Bxb3 11. axb3 exd4 12. cxd4 Nb4 13. d5 c5 14. dxc6 d5 15. e5 Ne4 16. Nc3 Nxc3 17. bxc3 Nxc6 18. Qd3 Qd7 19. Bg5 Rfd8 20. Re2 Qe6 21. Rae1 Rac8 22. Bxe7 Nxe7 23. Nd4 Qg6 24. Qf3 Qb6 25. e6 Rf8 26. exf7+ Rxf7 27. Qg4 Rxc3 28. Re6 Qc5 29. Rxa6 h6 30. Rxh6 Rd3 31. Rh4 Qc3 32. Rf1 Rf6 33. Ne6 Ng6 34. Rh5 Re3 35. fxe3 Qxe3+ 36. Kh2 Rxf1 37. Qxg6 Qg1+ 38. Kg3 Qf2+ 39. Kh2 Qg1+ 40. Kg3 Qf2+ 41. Kh2 Qg1+ 1/2-1/2

[Event "Vilnius SU Ch"]
[Site "?"]
[Date "1980.??.??"]
[Round "?"]
[White "Tseshkovsky, Vitaly V"]
[Black "Vasiukov, Evgeni A"]
[Result "1-0"]
[WhiteElo "2595"]
[BlackElo "2545"]
[PlyCount "107"]
[EventDate "1980.??.??"]
[Source "www.chesslib.no"]
[SourceDate "2004.05.04"]

1. e4 e5 2. Nf3 Nc6 3. Bb5 a6 4. Ba4 Nf6 5. O-O Be7 6. Re1 b5 7. Bb3 d6 8. c3 O-O 9. h3 Be6 10. d4 Bxb3 11. Qxb3 Qd7 12. Nbd2 Rfe8 13. Nf1 Na5 14. Qc2 Bd8 15. Ng3 Nc4 16. b3 Nb6 17. Bd2 Qc6 18. c4 Nfd7 19. d5 Qb7 20. cxb5 axb5 21. Bc3 c6 22. dxc6 Qxc6 23. Rec1 d5 24. Qe2 dxe4 25. Nxe5 Nxe5 26. Bxe5 Qe6 27. Bd4 b4 28. Qb5 Nd5 29. Rc6 Qd7 30. Rc5 Qxb5 31. Rxb5 Ra5 32. Rb8 Kf8 33. Rc1 Bf6 34. Bc5+ Be7 35. Bxe7+ Kxe7 36. Nf5+ Kd7 37. Rb7+ Kd8 38. Nd6 Nc3 39. Nxf7+ Kc8 40. Nd6+ Kd8 41. Nf7+ Kc8 42. Nd6+ Kd8 43. Rc2 Re6 44. Nf7+ Ke8 45. Rd2 Rd5 46. Rxd5 Nxd5 47. Ng5 e3 48. fxe3 Rxe3 49. Nxh7 Re2 50. Rxg7 Rxa2 51. Rg5 Ne7 52. Rg4 Nc6 53. Nf6+ Kf7 54. Nd5 1-0

[Event "Boskovic mem"]
[Site "Belgrade"]
[Date "2000.10.09"]
[Round "6"]
[White "Georgiev, Kiril"]
[Black "Ivanovic, Bozidar"]
[Result "1-0"]
[WhiteElo "2661"]
[BlackElo "2476"]
[PlyCount "85"]
[EventDate "2000.10.03"]
[Source "ChessBase"]
[SourceDate "2001.01.25"]

1. e4 e5 2. Nf3 Nc6 3. Bb5 a6 4. Ba4 Nf6 5. O-O Be7 6. Re1 b5 7. Bb3 O-O 8. c3 d6 9. h3 Be6 10. d4 exd4 11. cxd4 Bxb3 12. axb3 d5 13. e5 Nd7 14. Nc3 Nb4 15. Be3 Rb8 16. Na2 Nxa2 17. Rxa2 Rb6 18. Bd2 Nb8 19. b4 Qd7 20. Qb3 h6 21. Kh2 Kh8 22. Ng1 f6 23. f4 f5 24. Nf3 Rg6 25. Qe3 Re6 26. Bc3 Qe8 27. Bd2 g5 28. Qb3 Qd8 29. Ng1 c6 30. Ne2 Qe8 31. g4 fxg4 32. hxg4 h5 33. f5 hxg4 34. Ng3 Rh6+ 35. Kg2 Rh3 36. Rh1 Rxh1 37. Kxh1 Qf7 38. Qd3 Qh7+ 39. Kg1 Rf7 40. b3 Qh3 41. Be1 Rh7 42. f6 Bd8 43. Qg6 1-0

[Event "Corus-B"]
[Site "Wijk aan Zee"]
[Date "2004.01.13"]
[Round "3"]
[White "Hamdouchi, Hichem"]
[Black "Van der Wiel, John TH"]
[Result "1/2-1/2"]
[WhiteElo "2588"]
[BlackElo "2542"]
[PlyCount "43"]
[EventDate "2004.01.10"]
[Source "ChessBase"]
[SourceDate "2004.03.30"]

1. e4 e5 2. Nf3 Nc6 3. Bb5 a6 4. Ba4 Nf6 5. O-O Be7 6. Re1 b5 7. Bb3 O-O 8. c3 d6 9. h3 Be6 10. Bc2 d5 11. d4 Nxe4 12. dxe5 Bf5 13. Nbd2 Bg6 14. Nb3 Re8 15. Be3 Bf8 16. Nbd4 Na5 17. e6 Nc4 18. exf7+ Bxf7 19. Nd2 Nxe3 20. Rxe3 Nf6 21. Rxe8 Qxe8 22. Qf1 1/2-1/2

[Event "Sochi"]
[Site "Sochi RUS"]
[Date "1988.??.??"]
[Round "?"]
[White "Rodriguez Cespedes, Amador"]
[Black "Smagin, Sergey B"]
[Result "0-1"]
[WhiteElo "2550"]
[BlackElo "2540"]
[PlyCount "264"]
[EventDate "1988.09.??"]
[Source "www.chesslib.no"]
[SourceDate "2004.05.04"]

1. e4 e5 2. Nf3 Nc6 3. Bb5 a6 4. Ba4 Nf6 5. O-O Be7 6. Re1 b5 7. Bb3 O-O 8. c3 d6 9. h3 Be6 10. d4 Bxb3 11. Qxb3 Qb8 12. Bg5 h6 13. Bh4 Qb6 14. dxe5 dxe5 15. Nbd2 Bc5 16. Nf1 Nh5 17. Qc2 a5 18. N3h2 Ne7 19. Bxe7 Bxe7 20. Ng4 Qe6 21. Qb3 Qxb3 22. axb3 f6 23. g3 Bc5 24. Red1 c6 25. Nfe3 Nxg3 26. fxg3 h5 27. Kg2 hxg4 28. Nxg4 b4 29. Kf3 Rfb8 30. Rab1 Ra7 31. Ke2 a4 32. bxa4 bxc3 33. bxc3 Rxb1 34. Rxb1 Rxa4 35. Kd3 Ra2 36. Kc4 Ba7 37. Rb7 Bg1 38. Rc7 Re2 39. Rxc6 Rxe4+ 40. Kd5 Ra4 41. Ke6 e4 42. Kf5 Ra5+ 43. Kf4 g5+ 44. Kxe4 f5+ 45. Kf3 fxg4+ 46. Kxg4 Kf7 47. Rc4 Bb6 48. h4 gxh4 49. gxh4 Bd8 50. Re4 Bf6 51. c4 Kg6 52. Rf4 Rc5 53. Re4 Be5 54. Kf3 Kh5 55. Rg4 Bf6 56. Kg3 Ra5 57. Re4 Rf5 58. Kh3 Rf3+ 59. Kg2 Rc3 60. Kf2 Bxh4+ 61. Ke2 Bg5 62. Rd4 Kg6 63. Rd6+ Kf5 64. Rd5+ Kg4 65. c5 Bf4 66. c6 Rxc6 67. Kd3 Kf3 68. Rd7 Rc8 69. Kd4 Rc1 70. Rd5 Be3+ 71. Ke5 Rb1 72. Kf5 Rb8 73. Ke5 Rb4 74. Rd1 Rb5+ 75. Ke6 Ke4 76. Re1 Rb6+ 77. Kd7 Kd4 78. Rd1+ Ke5 79. Rf1 Kd5 80. Rf5+ Ke4 81. Rf1 Bd4 82. Ke7 Be5 83. Re1+ Kd5 84. Rf1 Ra6 85. Rd1+ Bd4 86. Kf7 Rf6+ 87. Ke7 Rf3 88. Ke8 Rg3 89. Kf7 Rg7+ 90. Kf8 Rb7 91. Ke8 Rg7 92. Kf8 Rh7 93. Kg8 Rd7 94. Re1 Rb7 95. Rd1 Ke5 96. Kf8 Rh7 97. Rc1 Kf5 98. Rc6 Bf6 99. Ra6 Bd4 100. Ra5+ Be5 101. Ra6 Rb7 102. Rc6 Bd4 103. Ke8 Ke5 104. Rg6 Bc3 105. Rc6 Bd4 106. Rg6 Bc3 107. Kf8 Rc7 108. Rg7 Bb4+ 109. Kg8 Rc8+ 110. Kh7 Kf6 111. Rg6+ Kf5 112. Rg7 Bf8 113. Rf7+ Kg5 114. Ra7 Kf6 115. Ra6+ Kf5 116. Ra7 Bd6 117. Rf7+ Ke6 118. Rg7 Bf8 119. Rg2 Rc7+ 120. Kg8 Be7 121. Re2+  f6 122. Rf2+ Kg6 123. Rg2+ Bg5 124. Rf2 Bf6 125. Rg2+ Kf5 126. Ra2 Rd7 127. Re2 Be5 128. Rf2+ Ke6 129. Rf7 Rd1 130. Ra7 Rd8+ 131. Kh7 Kf5 132. Kh6 Rd2 0-1

[Event "1st Israel Int Op"]
[Site "Ashdod"]
[Date "2003.10.15"]
[Round "7"]
[White "Psakhis, Lev"]
[Black "Postny, Evgeny"]
[Result "0-1"]
[WhiteElo "2549"]
[BlackElo "2526"]
[PlyCount "132"]
[EventDate "2003.10.04"]
[Source "Roberto Alvarez"]
[SourceDate "2003.10.20"]

1. e4 e5 2. Nf3 Nc6 3. Bb5 a6 4. Ba4 Nf6 5. O-O Be7 6. Re1 b5 7. Bb3 d6 8. c3 O-O 9. h3 Be6 10. d4 Bxb3 11. axb3 exd4 12. cxd4 d5 13. e5 Ne4 14. Nc3 Bb4 15. Nxe4 Bxe1 16. Neg5 h6 17. Qc2 hxg5 18. Nxg5 g6 19. Qxc6 Bb4 20. Be3 Be7 21. h4 Ra7 22. g3 Qa8 23. Qc2 Qc8 24. Kg2 Kg7 25. Nh3 Rh8 26. f3 Qf5 27. Qd2 Rd8 28. b4 a5 29. bxa5 c5 30. dxc5 d4 31. Bh6+ Kg8 32. b4 Qxe5 33. Qd3 Qd5 34. Rc1 Qc6 35. Nf2 Bf8 36. Bg5 Re8 37. Qxd4 Rd7 38. Qb2 Bg7 39. Qc2 Rd4 40. Rb1 Rc4 41. Qd1 Bc3 42. Qd6 Qa8 43. Rc1 Bxb4 44. Rxc4 bxc4 45. Ng4 Re2+ 46. Kh3 Qc8 47. Qd1 Rf2 48. c6 Bxa5 49. Qd5 Bc7 50. Qd7 Qxd7 51. cxd7 Rxf3 52. Nf6+ Kf8 53. Nd5 Rxg3+ 54. Kh2 Rd3+ 55. Nxc7 Rxd7 56. Nb5 Rd3 57. Bf6 Ke8 58. Kg2 Kd7 59. Bc3 Kc6 60. Nd4+ Kd5 61. Ne2 Ke4 62. Bf6 Rd2 63. Kf1 Kf3 64. Ng1+ Kg3 65. Ne2+ Kf3 66. Ng1+ Kg4 0-1

[Event "Pre-Amazon Open"]
[Site "?"]
[Date "2003.07.09"]
[Round "6"]
[White "Leitao Rafael"]
[Black "Lima Darcy"]
[Result "1/2-1/2"]
[WhiteElo "2550"]
[BlackElo "2519"]
[PlyCount "25"]
[EventDate "2003.??.??"]
[Source "www.chesslib.no"]
[SourceDate "2004.05.04"]

1. e4 e5 2. Nf3 Nc6 3. Bb5 a6 4. Ba4 Nf6 5. O-O b5 6. Bb3 Be7 7. Re1 d6 8. c3 O-O 9. h3 Be6 10. d4 Bxb3 11. axb3 exd4 12. cxd4 Nb4 13. d5 1/2-1/2

[Event "Hastings 8899"]
[Site "Hastings"]
[Date "1988.??.??"]
[Round "?"]
[White "Kosten, Anthony C"]
[Black "Smyslov, Vassily"]
[Result "1/2-1/2"]
[WhiteElo "2515"]
[BlackElo "2550"]
[PlyCount "40"]
[EventDate "1988.12.??"]
[Source "ChessBase"]

1. e4 e5 2. Nf3 Nc6 3. Bb5 a6 4. Ba4 Nf6 5. O-O Be7 6. Re1 b5 7. Bb3 O-O 8. c3 d6 9. h3 Be6 10. d4 Bxb3 11. Qxb3 Re8 12. Nbd2 exd4 13. cxd4 Na5 14. Qc2 c5 15. b3 cxd4 16. Nxd4 Rc8 17. Qd3 Nc6 18. Nxc6 Rxc6 19. Bb2 Nd7 20. Nf3 Bf6 1/2-1/2

[Event "URS-FL49"]
[Site "Volgodonsk"]
[Date "1981.??.??"]
[Round "10"]
[White "Gufeld, Eduard"]
[Black "Vasiukov, Evgeni"]
[Result "0-1"]
[WhiteElo "2520"]
[BlackElo "2545"]
[PlyCount "100"]
[EventDate "1981.10.??"]
[Source "ChessBase"]

1. e4 e5 2. Nf3 Nc6 3. Bb5 a6 4. Ba4 Nf6 5. O-O Be7 6. Re1 b5 7. Bb3 d6 8. c3 O-O 9. h3 Be6 10. d4 Bxb3 11. axb3 Qc8 12. d5 Nb8 13. c4 Nbd7 14. Bg5 c6 15. Nc3 bxc4 16. bxc4 Rb8 17. dxc6 Qxc6 18. Nd5 Bd8 19. Qe2 Qb7 20. Bxf6 Nxf6 21. Nxf6+ Bxf6 22. Reb1 Rfc8 23. b4 h6 24. Ra2 Rc6 25. b5 Qc8 26. Rd1 axb5 27. cxb5 Rc1 28. Rad2 Rc5 29. Rd5 Rbxb5 30. Qxb5 Rxb5 31. Rxb5 Qc4 32. Rb8+ Kh7 33. Rxd6 Qxe4 34. Rd1 Qc2 35. Rbb1 e4 36. Rbc1 Qa4 37. Nd2 Bb2 38. Rb1 f5 39. Nc4 Bc3 40. Nb6 Qa2 41. Rbc1 Qe2 42. Nd5 Bd2 43. Ra1 f4 44. Nxf4 Bxf4 45. Re1 Qc2 46. Kf1 Bd2 47. Re2 Qc4 48. Rd1 e3 49. fxe3 Bxe3 50. g3 Qe4 0-1

[Event "Chicago Open"]
[Site "Chicago, IL USA"]
[Date "1996.??.??"]
[Round "?"]
[White "De Firmian, Nick E"]
[Black "Sevillano, Enrico"]
[Result "1-0"]
[WhiteElo "2595"]
[BlackElo "2470"]
[PlyCount "46"]
[EventDate "1996.??.??"]
[Source "www.chesslib.no"]
[SourceDate "2004.05.04"]

1. e4 e5 2. Nf3 Nc6 3. Bb5 a6 4. Ba4 Nf6 5. O-O b5 6. Bb3 Be7 7. Re1 d6 8. c3 O-O 9. h3 Be6 10. d4 Bxb3 11. Qxb3 exd4 12. cxd4 d5 13. e5 Ne4 14. Nc3 Nxc3 15. Qxc3 Qd7 16. Bd2 b4 17. Qd3 Nd8 18. Bg5 Ne6 19. Bxe7 Qxe7 20. Rac1 Qd7 21. Rc2 Rfb8 22. Rec1 Rb6 23. Qe3 Qe7 1-0

[Event "Rishon Le Ziyyon"]
[Site "Rishon Le Ziyyon"]
[Date "1994.??.??"]
[Round "7"]
[White "Kosashvili, Yona"]
[Black "Davies, Nigel R"]
[Result "1-0"]
[WhiteElo "2545"]
[BlackElo "2510"]
[PlyCount "85"]
[EventDate "1994.11.??"]
[Source "ChessBase"]

1. e4 e5 2. Nf3 Nc6 3. Bb5 a6 4. Ba4 Nf6 5. O-O Be7 6. Re1 b5 7. Bb3 d6 8. c3 O-O 9. h3 Be6 10. Bc2 d5 11. d4 Nxe4 12. dxe5 f5 13. exf6 Bxf6 14. Nbd2 Bf5 15. Nxe4 Bxe4 16. Bxe4 dxe4 17. Qb3+ Kh8 18. Rxe4 Qd3 19. Re3 Qd6 20. Re1 Rad8 21. Ng5 Ne5 22. Bf4 Bxg5 23. Bxe5 Qb6 24. Re2 Bh4 25. Rf1 c5 26. c4 Rde8 27. Qc3 Bf6 28. Bxf6 Qxf6 29. Qxf6 gxf6 30. Rc2 bxc4 31. Rd1 Re4 32. Rd6 Kg7 33. Rxa6 Rd8 34. Ra3 Rd3 35. Ra4 Rdd4 36. f3 Re1+ 37. Kh2 Rb1 38. a3 c3 39. Rxd4 cxd4 40. bxc3 dxc3 41. Rxc3 Ra1 42. Rc7+ Kg6 43. Ra7 1-0

[Event "USA-ch"]
[Site "USA"]
[Date "1986.??.??"]
[Round "?"]
[White "De Firmian, Nick E"]
[Black "Christiansen, Larry Mark"]
[Result "1/2-1/2"]
[WhiteElo "2490"]
[BlackElo "2560"]
[PlyCount "91"]
[EventDate "1986.10.??"]
[Source "ChessBase"]

1. e4 e5 2. Nf3 Nc6 3. Bb5 a6 4. Ba4 Nf6 5. O-O Be7 6. Re1 b5 7. Bb3 d6 8. c3 O-O 9. h3 Be6 10. d4 Bxb3 11. Qxb3 d5 12. exd5 Na5 13. Qc2 exd4 14. cxd4 Nxd5 15. Nc3 Nxc3 16. Qxc3 Nc4 17. Bf4 a5 18. Re2 Bd6 19. Bxd6 cxd6 20. b3 Nb6 21. Rae1 b4 22. Qc6 Rc8 23. Qb5 Nd7 24. Re7 Ne5 25. Qb7 Rb8 26. Qc7 Nxf3+ 27. gxf3 g6 28. Kf1 Rb5 29. Rxf7 Qxc7 30. Rxc7 Rf7 31. Re8+ Kg7 32. Ree7 Rbf5 33. Ke2 Rxf3 34. Rxf7+ Rxf7 35. Rc6 Re7+ 36. Kf3 Rf7+ 37. Ke3 Re7+ 38. Kf3 Rf7+ 39. Kg3 Re7 40. Ra6 Re4 41. Rxa5 Rxd4 42. Ra7+ Kh6 43. h4 d5 44. f3 Rd2 45. Ra4 g5 46. Rxb4 1/2-1/2

[Event "URS Team Ch"]
[Site "Podolsk RUS"]
[Date "1990.??.??"]
[Round "?"]
[White "Timoshenko, Georgy"]
[Black "Yurtaev, Leonid"]
[Result "0-1"]
[WhiteElo "2540"]
[BlackElo "2505"]
[PlyCount "35"]
[EventDate "1990.??.??"]
[Source "www.chesslib.no"]
[SourceDate "2004.05.04"]

1. e4 e5 2. Nf3 Nc6 3. Bb5 a6 4. Ba4 Nf6 5. O-O Be7 6. Re1 b5 7. Bb3 O-O 8. c3 d6 9. h3 Be6 10. d4 Bxb3 11. axb3 exd4 12. cxd4 d5 13. e5 Ne4 14. Nc3 Bb4 15. Bd2 Bxc3 16. bxc3 f6 17. exf6 Qxf6 18. Rc1 0-1

[Event "Herzliya"]
[Site "Herzliya"]
[Date "1993.??.??"]
[Round "1"]
[White "Gofshtein, Leonid D"]
[Black "Davies, Nigel R"]
[Result "1/2-1/2"]
[WhiteElo "2540"]
[BlackElo "2505"]
[PlyCount "95"]
[EventDate "1993.11.??"]
[Source "ChessBase"]

1. e4 e5 2. Nf3 Nc6 3. Bb5 a6 4. Ba4 Nf6 5. O-O Be7 6. Re1 b5 7. Bb3 d6 8. c3 O-O 9. h3 Be6 10. d4 Bxb3 11. axb3 exd4 12. Nxd4 Nxd4 13. Qxd4 Re8 14. Bf4 d5 15. exd5 Qxd5 16. Qxd5 Nxd5 17. Bg3 Bg5 18. Na3 Bf4 19. Nc2 Bxg3 20. fxg3 Rxe1+ 21. Rxe1 Kf8 22. Rd1 Nb6 23. Kf2 g6 24. Nd4 Nc8 25. b4 Nd6 26. Ra1 Ke7 27. Kf3 Kd7 28. g4 h6 29. Kf4 Nc4 30. Nxb5 Nxb2 31. Nd4 Nc4 32. g5 h5 33. Nb3 Kc6 34. Re1 Nd6 35. Re7 Rf8 36. Na5+ Kb6 37. Re5 Rd8 38. Rc5 Rd7 39. Rc6+ Kb5 40. Rc5+ Ka4 41. Nc6 Nb7 42. Re5 Rd2 43. Re7 Rxg2 44. Rxc7 Nd6 45. Nd4 Nb5 46. Rc6 Nxd4 47. cxd4 Kxb4 48. d5 1/2-1/2

[Event "Lenk Open"]
[Site "Lenk SUI"]
[Date "1991.??.??"]
[Round "8"]
[White "Balashov, Yuri S"]
[Black "Kupreichik, Viktor D"]
[Result "1/2-1/2"]
[WhiteElo "2580"]
[BlackElo "2460"]
[PlyCount "26"]
[EventDate "1991.06.??"]
[Source "www.chesslib.no"]
[SourceDate "2004.05.04"]

1. e4 e5 2. Nf3 Nc6 3. Bb5 a6 4. Ba4 Nf6 5. O-O Be7 6. Re1 b5 7. Bb3 d6 8. c3 O-O 9. h3 Be6 10. Bxe6 fxe6 11. d4 Qd7 12. dxe5 dxe5 13. Qxd7 Nxd7 1/2-1/2

[Event "Rishon Le Ziyyon"]
[Site "Rishon Le Ziyyon"]
[Date "1993.??.??"]
[Round "8"]
[White "Smyslov, Vassily V"]
[Black "Davies, Nigel R"]
[Result "1/2-1/2"]
[WhiteElo "2530"]
[BlackElo "2505"]
[PlyCount "46"]
[EventDate "1993.??.??"]
[Source "www.chesslib.no"]
[SourceDate "2004.05.04"]

1. e4 e5 2. Nf3 Nc6 3. Bb5 a6 4. Ba4 Nf6 5. O-O Be7 6. Re1 b5 7. Bb3 d6 8. c3 O-O 9. h3 Be6 10. d4 Bxb3 11. Qxb3 Qb8 12. Bg5 Qb6 13. dxe5 dxe5 14. Nbd2 Bc5 15. Re2 Nh5 16. Nf1 h6 17. Be3 Rad8 18. Rd1 Nf4 19. Red2 Rxd2 20. Rxd2 Na5 21. Qd1 Nc4 22. Bxf4 exf4 23. Re2 Qf6 1/2-1/2

[Event "36. Olympiad"]
[Site "?"]
[Date "2004.10.27"]
[Round "12"]
[White "Dervishi Erald"]
[Black "Lima Darcy"]
[Result "1/2-1/2"]
[WhiteElo "2502"]
[BlackElo "2533"]
[PlyCount "23"]
[EventDate "2004.??.??"]
[Source "www.chesslib.no"]
[SourceDate "2004.05.04"]

1. e4 e5 2. Nf3 Nc6 3. Bb5 a6 4. Ba4 Nf6 5. O-O Be7 6. Re1 b5 7. Bb3 d6 8. c3 O-O 9. h3 Be6 10. d4 Bxb3 11. axb3 exd4 12. Nxd4 1/2-1/2

[Event "otb"]
[Site "otb"]
[Date "2007.05.09"]
[Round "8"]
[White "Goloshchapov Alexander"]
[Black "Kuzmin Gennadi P"]
[Result "1/2-1/2"]
[WhiteElo "2555"]
[BlackElo "2479"]
[PlyCount "31"]
[Source "www.chesslib.no"]
[SourceDate "2004.05.04"]

1. e4 e5 2. Nf3 Nc6 3. Bb5 a6 4. Ba4 Nf6 5. O-O Be7 6. Re1 b5 7. Bb3 d6 8. c3 O-O 9. h3 Be6 10. d4 Bxb3 11. axb3 Re8 12. d5 Nb8 13. c4 Nbd7 14. Bd2 Qc8 15. Na3 Qb7 16. b4 1/2-1/2

[Event "CSR Ch int"]
[Site "Prague CZE"]
[Date "1989.??.??"]
[Round "13"]
[White "Jansa, Vlastimil"]
[Black "Smejkal, Jan"]
[Result "1/2-1/2"]
[WhiteElo "2515"]
[BlackElo "2515"]
[PlyCount "91"]
[EventDate "1989.09.??"]
[Source "www.chesslib.no"]
[SourceDate "2004.05.04"]

1. e4 e5 2. Nf3 Nc6 3. Bb5 a6 4. Ba4 Nf6 5. O-O Be7 6. Re1 b5 7. Bb3 d6 8. c3 O-O 9. h3 Be6 10. d3 Bxb3 11. Qxb3 Nd7 12. d4 Bf6 13. d5 Ne7 14. Be3 c6 15. dxc6 Nc5 16. Qc2 Qc7 17. Bxc5 dxc5 18. Nbd2 c4 19. Nf1 Qxc6 20. Ne3 h5 21. Rad1 Rad8 22. Rd2 Rxd2 23. Qxd2 Qxe4 24. Ng4 Qf5 25. Ngxe5 Ng6 26. Nd4 Qf4 27. Qxf4 Nxf4 28. Kf1 Re8 29. Ndf3 Rd8 30. h4 Ne6 31. g3 Rd6 32. Re2 g6 33. Kg2 Kg7 34. b3 cxb3 35. axb3 Nc5 36. b4 Na4 37. c4 Re6 38. cxb5 axb5 39. Re1 Nb6 40. Nd3 Rxe1 41. Nfxe1 Bc3 42. Nc2 Nd5 43. Kf3 f5 44. Na3 Nc7 45. Nc2 Be5 46. Na3 1/2-1/2

[Event "Oslo Open"]
[Site "Oslo NOR"]
[Date "1994.??.??"]
[Round "3"]
[White "Korneev, Oleg"]
[Black "Davies, Nigel R"]
[Result "1-0"]
[WhiteElo "2500"]
[BlackElo "2525"]
[PlyCount "89"]
[EventDate "1994.03.??"]
[Source "www.chesslib.no"]
[SourceDate "2004.05.04"]

1. e4 e5 2. Nf3 Nc6 3. Bb5 a6 4. Ba4 Nf6 5. O-O Be7 6. Re1 b5 7. Bb3 d6 8. c3 O-O 9. h3 Be6 10. d4 Bxb3 11. axb3 exd4 12. cxd4 Nb4 13. Nc3 c5 14. dxc5 dxc5 15. e5 Nfd5 16. Ne4 Nc7 17. Bg5 Ne6 18. Bxe7 Qxe7 19. Nd6 Rfd8 20. Qe2 Nc6 21. Rad1 Qc7 22. Qe4 Rd7 23. Nh4 Rad8 24. f4 Ned4 25. Rd3 g6 26. Nf3 Nxf3+ 27. Rxf3 Nd4 28. Rc3 b4 29. Rce3 Nb5 30. Nxb5 axb5 31. f5 Rd1 32. e6 Rxe1+ 33. Rxe1 Qd6 34. Qb7 fxe6 35. fxe6 Rf8 36. Qxb5 Qg3 37. Qe2 Qxb3 38. Qe5 Qc4 39. e7 Re8 40. Kh1 Qh4 41. Re4 Qh5 42. Qe6+ Kg7 43. Rf4 Qg5 44. Qf7+ Kh6 45. Qxe8 1-0

[Event "Universiada"]
[Site "Evpatoria (Ukraine)"]
[Date "2007.06.08"]
[Round "4"]
[White "Kononenko Dmitry (UKR)"]
[Black "Vovk Yuri (UKR)"]
[Result "1-0"]
[WhiteElo "2501"]
[BlackElo "2523"]
[PlyCount "95"]
[EventDate "2007.??.??"]
[Source "www.chesslib.no"]
[SourceDate "2004.05.04"]

1. e4 e5 2. Nf3 Nc6 3. Bb5 a6 4. Ba4 Nf6 5. O-O Be7 6. Re1 b5 7. Bb3 d6 8. c3 O-O 9. h3 Be6 10. d4 Bxb3 11. axb3 exd4 12. cxd4 Nb4 13. d5 c5 14. dxc6 d5 15. e5 Ne4 16. Nc3 Nxc3 17. bxc3 Nxc6 18. Qd3 Qd7 19. Ng5 Bxg5 20. Bxg5 Rfe8 21. f4 b4 22. c4 Qa7+ 23. Kh1 dxc4 24. Qxc4 Nd4 25. Rad1 Ne6 26. Bh4 Qb7 27. f5 Rac8 28. Qg4 h5 29. Qxh5 Qxg2+ 30. Kxg2 Nf4+ 31. Kf3 Nxh5 32. Kg4 g6 33. fxg6 fxg6 34. Rd6 Kh7 35. Rd7+ Kg8 36. Kg5 Rc6 37. Kh6 Nf4 38. Rg7+ Kf8 39. Rf1 g5+ 40. Kh7 Rc3 41. Bxg5 Rxh3+ 42. Bh6 Rxe5 43. Rxf4+ Ke8 44. Rxb4 Rb5 45. Re4+ Kd8 46. Rf4 Ke8 47. Ra7 Rb6 48. Rf8# 1-0